• 首页
  • 本馆介绍
  • 公告通知
  • 最新文献
  • 馆藏检索
  • 电子资源
  • 读者导购
  • 参考咨询
  • 我的图书馆
  • 登录
  • 详细信息显示
  • 放入我的书架
  • 预约/预借图书
  • 作者相关作品
  • 分类相关作品
  • 丛书相关作品
  • 出版社相关作品

书目信息

  • 表格格式
  • 工作单格式
  • 卡片格式
题名:
日新月异的技术
    
 
作者: 张义顺 译注
分册:  
出版信息: 北京   原子能出版社  1981
页数: 320页
开本: 19cm
丛书名:
单 册:
中图分类: H319.5
科图分类:
主题词: 英语--对照读物
电子资源:
ISBN:
000 00615nam0 2200229 45
001 0181006085
005 20060820110256.43
010    @dCNY1.10
091    @a15175.353
100    @a19950620d1981 emky0chiy0121 ea
101 0  @achi
102    @aCN@b110000
105    @ay z 000yy
200 10 @a日新月异的技术@Ari xin yue yi de ji shu@f张义顺译注@FZhang Yi Shun Yi Zhu
210    @a北京@c原子能出版社@d1981
215    @a320页@d19cm
606 0  @a英语@x对照读物
690    @aH319.5@v3
701  0 @a张义顺@4译注
801  0 @aCN@b上海图书馆@c20060820
801  2 @aCN@bNLC@c20060812
905    @dH319.5@e1@f1@b63752
    
    日新月异的技术/张义顺译注.-北京:原子能出版社,1981
    320页;19cm
    
    
    ISBN :CNY1.10
    
●
相关链接 在E读中查询图书 在五车中查询图书 在当当中查询图书 在豆瓣中查询图书


正题名:日新月异的技术     索取号:H319.5/1         预约/预借

序号 登录号 条形码 馆藏地/架位号 状态 备注
1 0063751   001064243   密集书库/ [索取号:H319.5/1] 在馆    
2 0063752   001064252   密集书库/ [索取号:H319.5/1] 在馆    
3 0456124   204561241   密集书库/ [索取号:H319.5/1] 在馆    
4 0456125   204561250   密集书库/ [索取号:H319.5/1] 在馆    
5 0456126   204561269   密集书库/ [索取号:H319.5/1] 在馆    
6 0456127   204561278   密集书库/ [索取号:H319.5/1] 在馆    
7 0456128   204561287   密集书库/ [索取号:H319.5/1] 在馆    
8 0467158   204671587   密集书库/ [索取号:H319.5/1] 在馆    
唐山师范学院图书馆 欢迎您!
大连网信软件有限公司© 版权所有